000 00497nam a22001457a 4500
082 _a620.1
100 _aKamal, Nabeel
245 _aOptimal selection of materials for Al-Zahrawa tele surgical robotic arm /
_cNabeel Kamal
260 _aIslamabad:
_bCEME - NUST,
_c2015.
300 _a63 p.: ill.;
_c30cm.
650 _aMechanical Engineering - MS Theses.
_930365
700 _aSup: Dr. Rizwan Saeed Choudhry.
_934616
942 _2ddc
_cTHE
999 _c540792
_d540792